[Event "XXVII MFSz Memorial Jozefa Kochana - Ope"]
[Site "Koszalin"]
[Date "2016.??.??"]
[Round "9.6"]
[White "Przerwa, Waldemar"]
[Black "Lopuszanski, Kamil"]
[Result "0-1"]
[WhiteElo "1799"]
[BlackElo "1991"]
[PlyCount "78"]
[EventDate "2016.??.??"]

1. e4 e5 2. Nf3 Nc6 3. Bb5 a6 4. Ba4 Nf6 5. O-O Be7 6. Re1 d6 7. c3 b5 8. Bc2
O-O 9. h3 Bb7 10. a4 Re8 11. b4 Bf8 12. d3 h6 13. Bb2 d5 14. exd5 Qxd5 15. Nbd2
Rad8 16. Nf1 Nh5 17. Ne3 Qd7 18. Ng4 Nf4 19. Re3 f6 20. Qf1 h5 21. Ngh2 Ne7 22.
axb5 axb5 23. g4 hxg4 24. hxg4 Ned5 25. Ree1 Bd6 26. d4 g6 27. dxe5 fxe5 28.
Ng5 Kg7 29. Be4 Rh8 30. Ngf3 c5 31. c4 Nf6 32. Bxe5 Rxh2 33. Bxf6+ Kxf6 34.
Nxh2 Rh8 35. f3 Nh3+ 36. Kg2 Ng5 37. Rad1 Rxh2+ 38. Kg1 Nh3+ 39. Qxh3 Rxh3 0-1

[Event "XXVII MFSz Memorial Jozefa Kochana - Ope"]
[Site "Koszalin"]
[Date "2016.??.??"]
[Round "9.7"]
[White "Hilarecki, Grzegorz"]
[Black "Mike, Patryk"]
[Result "1-0"]
[WhiteElo "2110"]
[BlackElo "1877"]
[PlyCount "81"]
[EventDate "2016.??.??"]

1. d4 d5 2. Nf3 Nf6 3. Bg5 Ne4 4. Bh4 c6 5. Nbd2 Bf5 6. e3 g6 7. Be2 Bg7 8. O-O
O-O 9. c4 dxc4 10. Nxc4 Nd7 11. Qb3 b5 12. Ncd2 Nxd2 13. Nxd2 Bf6 14. Bxf6 Nxf6
15. Bf3 Qb6 16. a4 Rac8 17. Rfc1 a5 18. h3 Qa6 19. e4 Be6 20. axb5 Qxb5 21.
Qxb5 cxb5 22. d5 Bd7 23. Rxc8 Rxc8 24. Rxa5 Rc2 25. Nb3 Kf8 26. e5 Ne8 27. g4
h5 28. Ra7 Bc8 29. Nd4 Rxb2 30. Nc6 hxg4 31. hxg4 Rc2 32. Nxe7 b4 33. Nxc8 Rxc8
34. Rb7 f6 35. d6 Rd8 36. Bd5 Nxd6 37. exd6 Rxd6 38. Be4 Rd4 39. f3 g5 40. Kf2
Kg8 41. Ke3 1-0

[Event "XXVII MFSz Memorial Jozefa Kochana - Ope"]
[Site "Koszalin"]
[Date "2016.??.??"]
[Round "9.8"]
[White "Stylinski, Piotr  "]
[Black "Cagara, Paulina"]
[Result "0-1"]
[WhiteElo "1836"]
[BlackElo "2052"]
[PlyCount "120"]
[EventDate "2016.??.??"]

1. e4 c5 2. Nf3 e6 3. d4 cxd4 4. Nxd4 a6 5. Nc3 Qc7 6. g3 d6 7. Bg2 Nf6 8. O-O
Nc6 9. Re1 Nxd4 10. Qxd4 e5 11. Qd3 h6 12. Be3 b5 13. Rec1 Bd7 14. Nd5 Nxd5 15.
exd5 Rc8 16. Bf1 Qb8 17. b4 Be7 18. c4 bxc4 19. Rxc4 O-O 20. Qb3 f5 21. Rac1
Rxc4 22. Bxc4 f4 23. Bd2 Qb6 24. Be1 e4 25. Rc2 Bg4 26. Be2 Bxe2 27. Rxe2 e3
28. fxe3 Bg5 29. Bf2 fxg3 30. hxg3 Qc7 31. Kg2 h5 32. e4 Qe7 33. e5 Rf5 34. e6
Qb7 35. Re4 Kf8 36. Rd4 Qb5 37. Qd3 Re5 38. a4 Qb7 39. b5 axb5 40. axb5 Bf6 41.
Qc4 Rxe6 42. Rf4 Re7 43. Qc6 Kg8 44. Bd4 Bxd4 45. Rxd4 Re2+ 46. Kf3 Qe7 47. Qc3
Re1 48. Qc8+ Kh7 49. Qf5+ g6 50. Qd3 Ra1 51. Rf4 Qa7 52. Qd4 Ra3+ 53. Kf2 Ra2+
54. Ke3 Qa3+ 55. Qd3 Qc5+ 56. Qd4 Qc1+ 57. Kf3 Qh1+ 58. Ke3 Qe1+ 59. Kd3 Rd2+
60. Kc4 Rxd4+ 0-1

[Event "XXVII MFSz Memorial Jozefa Kochana - Ope"]
[Site "Koszalin"]
[Date "2016.??.??"]
[Round "9.9"]
[White "Heinsohn, Michael"]
[Black "Mielczarski, Miroslaw"]
[Result "1-0"]
[WhiteElo "2007"]
[BlackElo "2157"]
[PlyCount "53"]
[EventDate "2016.??.??"]

1. d4 d5 2. c4 c6 3. Nf3 Nf6 4. Nbd2 g6 5. g3 Bg7 6. Bg2 O-O 7. b3 a5 8. O-O
Bf5 9. Nh4 Be6 10. Bb2 Qd7 11. Re1 Rd8 12. Nhf3 Bf5 13. Ne5 Qe8 14. Ndf3 Be4
15. Ng5 Bxg2 16. Kxg2 Ne4 17. Ngxf7 Rc8 18. f3 Nd6 19. Nxd6 exd6 20. Nd3 Qe3
21. cxd5 cxd5 22. Nf4 Nd7 23. Nxd5 Qe6 24. e4 Rc6 25. Rc1 a4 26. Rxc6 bxc6 27.
Nc7 1-0

[Event "XXVII MFSz Memorial Jozefa Kochana - Ope"]
[Site "Koszalin"]
[Date "2016.??.??"]
[Round "9.10"]
[White "Lisinski, Henryk"]
[Black "Bilczewski, Kacper"]
[Result "0-1"]
[WhiteElo "1850"]
[BlackElo "2080"]
[PlyCount "84"]
[EventDate "2016.??.??"]

1. d4 e6 2. Nf3 b6 3. c4 Bb7 4. Nc3 Nf6 5. e3 Be7 6. Bd3 O-O 7. e4 d5 8. cxd5
exd5 9. e5 Ne4 10. Qc2 f5 11. exf6 Nxf6 12. O-O Nc6 13. a3 Bd6 14. h3 a6 15.
Bg5 h6 16. Bh4 g5 17. Bg3 Bxg3 18. fxg3 Qd6 19. g4 Rae8 20. Rae1 Qf4 21. Ne2
Qd6 22. Nd2 Nd8 23. Rf2 Ne4 24. Rxf8+ Kxf8 25. Rf1+ Kg7 26. Nf3 Nf7 27. b4 Re7
28. Bxe4 dxe4 29. Nd2 e3 30. Nf3 Qd5 31. Ng3 Kh8 32. Qg6 Qc6 33. Qd3 e2 34.
Nxe2 Re4 35. Rc1 Qe6 36. Qc4 Bd5 37. Qxa6 Re3 38. Ne5 Nxe5 39. dxe5 Qxe5 40.
Qc8+ Bg8 41. Rxc7 Rxe2 42. Qd7 Re1+ 0-1